[Event "Mecklenburg VP-ch U12 Girls"]
[Site "Malchow"]
[Date "2019.02.04"]
[Round "4.2"]
[White "Schmidt, Leonie"]
[Black "Suckow, Malin"]
[Result "1-0"]
[WhiteElo "772"]
[BlackElo "935"]
[PlyCount "33"]
[EventDate "2019.02.06"]
[EventType "tourn"]
[EventRounds "7"]
[EventCountry "GER"]
[SourceTitle "EXT 2022"]
[Source "ChessBase"]
[SourceDate "2021.10.06"]
[SourceVersion "1"]
[SourceVersionDate "2021.10.06"]
[SourceQuality "1"]

1. e4 e5 2. Nf3 Nf6 3. Nc3 Bc5 4. Bc4 d6 5. 0-0 0-0 6. d3 Bg4 7. Bg5 Nc6 8. Nd5 Nd4 9. Rc1 Nxf3+ 10. gxf3 Bh3 11. Nxf6+ gxf6 12. Bh6 f5 13. exf5 Qf6 14. Qd2 Qxf5 15. a3 Qxf3 16. Qg5+ Kh8 17. Qg7# 1-0

[Event "Mecklenburg VP-ch U12 Girls"]
[Site "Malchow"]
[Date "2018.02.07"]
[Round "5.2"]
[White "Stepanjan, Marianne"]
[Black "Suckow, Malin"]
[Result "1-0"]
[WhiteElo "1068"]
[BlackElo "829"]
[PlyCount "65"]
[EventDate "2018.02.07"]
[EventType "swiss"]
[EventRounds "7"]
[EventCountry "GER"]
[SourceTitle "EXT 2022"]
[Source "ChessBase"]
[SourceDate "2021.10.06"]
[SourceVersion "1"]
[SourceVersionDate "2021.10.06"]
[SourceQuality "1"]

1. e4 e5 2. Nf3 Nc6 3. Bb5 a6 4. Ba4 Nf6 5. 0-0 Nxe4 6. Re1 d5 7. d3 Nc5 8. Nxe5 Be7 9. Nxc6 bxc6 10. Bxc6+ Bd7 11. Bxa8 Qxa8 12. d4 0-0 13. Rxe7 Qd8 14. Qe2 Ne4 15. Re5 Bb5 16. Qe1 f6 17. Rf5 Bd7 18. Rxd5 Re8 19. Be3 Nd6 20. Qd2 c6 21. Rxd6 Re6 22. Rxe6 Bxe6 23. Nc3 Qd7 24. Re1 Bc4 25. Bf4 g5 26. Bg3 c5 27. d5 h5 28. h4 gxh4 29. Bxh4 a5 30. Bxf6 a4 31. Qh6 h4 32. Qh8+ Kf7 33. Qg7# 1-0

[Event "Mecklenburg VP-ch U10 Girls"]
[Site "Malchow"]
[Date "2018.02.07"]
[Round "1.2"]
[White "Suckow, Malin"]
[Black "Margaryan, Venera"]
[Result "0-1"]
[WhiteElo "829"]
[BlackElo "986"]
[PlyCount "128"]
[EventDate "2018.02.07"]
[EventType "swiss"]
[EventRounds "7"]
[EventCountry "GER"]
[SourceTitle "EXT 2022"]
[Source "ChessBase"]
[SourceDate "2021.10.06"]
[SourceVersion "1"]
[SourceVersionDate "2021.10.06"]
[SourceQuality "1"]

1. e4 e5 2. Nf3 Nc6 3. Bb5 d6 4. d3 Bd7 5. 0-0 Nf6 6. Bg5 Be7 7. Nc3 0-0 8. Nd5 Nxd5 9. exd5 Nd4 10. Bxd7 Qxd7 11. Bxe7 Qxe7 12. Re1 Rfe8 13. Nxd4 Qf6 14. Nb5 Rec8 15. Re3 c6 16. Nc3 b6 17. Ne4 Qe7 18. Qe2 cxd5 19. Ng3 Rc6 20. Nf5 Qf6 21. Rf3 Qe6 22. Nd4 exd4 23. Re1 Qxe2 24. Rxe2 h6 25. g3 Rac8 26. Kg2 Rxc2 27. Re7 R8c7 28. Re8+ Kh7 29. Kh3 f6 30. Rf5 R7c5 31. Kg4 Rd2 32. Rd8 Rxd3 33. Rxd6 Rc4 34. Rdxd5 Rd1 35. Rf4 g5 36. Rf3 d3+ 37. Kh3 g4+ 38. Kg2 gxf3+ 39. Kxf3 d2 40. Ke2 Rcc1 41. Rxd2 Re1+ 42. Kd3 Kg6 43. f4 Kf5 44. Kd4 Rcd1 45. Rd3 Rxd3+ 46. Kxd3 Re4 47. a3 a5 48. Kd2 b5 49. b3 b4 50. a4 Ke6 51. Kd3 Kd5 52. Kd2 Kd4 53. Kc2 Re2+ 54. Kd1 Rxh2 55. Ke1 Ke3 56. Kf1 Kf3 57. Ke1 Rf2 58. Kd1 Re2 59. Kc1 Ke3 60. Kb1 Kd3 61. Ka1 Kc3 62. Kb1 Rf2 63. Ka1 Kxb3 64. Kb1 Rf1# 0-1